| 000 | 00645nam a2200205 i 4500 | ||
|---|---|---|---|
| 001 | 119089 | ||
| 003 | ES-MaACL | ||
| 005 | 20240207063021.0 | ||
| 007 | t| | ||
| 008 | 070214s1978 sp a |||| | cat d | ||
| 100 | 1 |
_aPicasso, Pablo, _d1881-1973 _991794 |
|
| 245 | 1 | 4 |
_aEls 156 darrers gravats originals _b: 24-10-68, 25-3-72 : Sala Gaspar... març-abril... 1978 / _cPicasso. |
| 260 |
_aBarcelona : _bSala Gaspar, _c1978. |
||
| 300 |
_a41 h. ; _c23 cm. |
||
| 490 | 1 | _aColección Sala Gaspar | |
| 710 | 2 |
_aSala Gaspar. _96478 |
|
| 830 | 0 |
_aColección Sala Gaspar _9186441 |
|
| 852 |
_aES-MaACL _jA-8214 |
||
| 999 |
_c119089 _d119089 |
||